Nizozemsko-český slovník = Nederlands-Tsjechisch woordenboek /
Saved in:
| Main Authors: | , |
|---|---|
| Format: | Book |
| Language: | Czech Dutch |
| Published: |
Voznice :
Leda,
1997
|
| Edition: | Vyd. 1. |
| Subjects: | |
| ISBN: |
8085927128 (viaz.) |
| Physical Description: |
1039 s. ; 21 cm |
| Tags: |
Add Tag
No Tags, Be the first to tag this record!
|
Titul je dostupný aj v ... 

MARC
| LEADER | 00000nam a2200000 a 4500 | ||
|---|---|---|---|
| 001 | 000021189 | ||
| 005 | 20060711093639.0 | ||
| 008 | 060407s1997 xr e bd 000 0 czeo | ||
| 020 | |a 8085927128 (viaz.) | ||
| 040 | |a SVKKK |b slo |c SVKKK |e AACR2 | ||
| 041 | 0 | |a cze |a dut | |
| 044 | |a xr |c CZ | ||
| 072 | 7 | |a 81 |x Jazykoveda. Jazyky |2 konspekt | |
| 080 | |a 811.112.5 |2 1997 | ||
| 080 | |a 811.162.3 |2 1997 | ||
| 080 | |a 81`373.46 |2 1997 | ||
| 080 | |a (038) |2 1997 | ||
| 100 | 1 | |a Čermák, František, |d 1940- |4 aut | |
| 245 | 1 | 0 | |a Nizozemsko-český slovník = |b Nederlands-Tsjechisch woordenboek / |c František Čermák, Zdenka Hrnčířová |
| 250 | |a Vyd. 1. | ||
| 260 | |a Voznice : |b Leda, |c 1997 | ||
| 300 | |a 1039 s. ; |c 21 cm | ||
| 504 | |a Značky a skratky. Bibliografia s. 16-17 | ||
| 650 | 0 | 7 | |a holandčina |2 SVKKKPH |
| 650 | 0 | 7 | |a čeština |2 SVKKKPH |
| 650 | 0 | 7 | |a terminologické slovníky |2 SVKKKPH |
| 655 | 7 | |a jazykové slovníky |2 SVKKKPH | |
| 655 | 7 | |a slovníky |2 SVKKKPH | |
| 700 | 1 | |a Hrnčířová, Zdenka, |d 1940- |4 aut | |
| 919 | |a 80-85927-12-8 | ||
| 998 | |a BK | ||
| 090 | |g SCKHL |k Sklad Pribinova prízemie |a IV.195824 |j 977778 |i 2720032082 |s Absenčne | ||